Jitro Árijců : život a dílo Arthura Gobineaua, zakladatele árijské ideologie /
| Hlavní autor: | Budil, Ivo T., 1965- |
|---|---|
| Jazyk: | Francouzština Čeština Angličtina |
| Vydáno: |
V Praze : Triton, 2009 |
| Vydání: | Vyd. 1. |
| Témata: | |
| Externí odkaz: |
Digitalizovaný dokument
|
| Fyzický popis: |
417 s. ; 24 cm |
| Language note: |
Část. anglický a francouzský text |
| LEADER | 02782nam a2200721 a 4500 | ||
|---|---|---|---|
| 001 | nkc20091995278 | ||
| 003 | CZ PrNK | ||
| 005 | 20091113130519.0 | ||
| 007 | ta | ||
| 008 | 090918s2009 xr e 001 0bcze | ||
| 015 | |a cnb001995278 | ||
| 020 | |a 978-80-7387-274-8 |q (váz.) | ||
| 035 | |a (OCoLC)465283342 | ||
| 040 | |a BOA001 |b cze |d ABA001 | ||
| 041 | 0 | |a cze |a eng |a fre | |
| 043 | |a e-fr--- | ||
| 045 | |a w1w8 | ||
| 072 | 7 | |a 572 |x Fyzická antropologie |2 Konspekt |9 1 | |
| 072 | 7 | |a 929 |x Biografie |2 Konspekt |9 8 | |
| 080 | |a 821.133.1-051 |2 MRF | ||
| 080 | |a 341.71 |2 MRF | ||
| 080 | |a 101-051 |2 MRF | ||
| 080 | |a 929 |2 MRF | ||
| 080 | |a 572.02:316.243 |2 MRF | ||
| 080 | |a 572.9 |2 MRF | ||
| 080 | |a 323.14 |2 MRF | ||
| 080 | |a (44) |2 MRF | ||
| 080 | |a (048.8) |2 MRF | ||
| 080 | |a (092) |2 MRF | ||
| 100 | 1 | |a Budil, Ivo T., |d 1965- |7 jo20010087104 |4 aut | |
| 245 | 1 | 0 | |a Jitro Árijců : |b život a dílo Arthura Gobineaua, zakladatele árijské ideologie / |c Ivo T. Budil |
| 246 | 3 | 0 | |a Život a dílo Arthura Gobineaua, zakladatele árijské ideologie |
| 250 | |a Vyd. 1. | ||
| 260 | |a V Praze : |b Triton, |c 2009 | ||
| 300 | |a 417 s. ; |c 24 cm | ||
| 500 | |a "Studie vznikla v rámci řešení grantového projektu č. 407/06/0080 Rasa a rasová ideologie v západních dějinách"--Preliminária | ||
| 504 | |a Obsahuje bibliografii, bibliografické odkazy a rejstřík | ||
| 546 | |a Část. anglický a francouzský text | ||
| 600 | 1 | 7 | |a Gobineau, Arthur de, |d 1816-1882 |7 jn19990002729 |2 czenas |
| 648 | 7 | |a 19. století |7 ch460557 |2 czenas | |
| 650 | 0 | 7 | |a francouzští spisovatelé |7 ph120380 |y 19. století |2 czenas |
| 650 | 0 | 7 | |a diplomaté |7 ph119471 |z Francie |y 19. století |2 czenas |
| 650 | 0 | 7 | |a filozofové |7 ph117191 |z Francie |y 19. století |2 czenas |
| 650 | 0 | 7 | |a rasové teorie |7 ph316287 |2 czenas |
| 650 | 0 | 7 | |a lidské rasy |7 ph137015 |2 czenas |
| 650 | 0 | 7 | |a rasismus |7 ph125031 |2 czenas |
| 650 | 0 | 9 | |a French authors |y 19th century |2 eczenas |
| 650 | 0 | 9 | |a diplomats |z France |y 19th century |2 eczenas |
| 650 | 0 | 9 | |a philosophers |z France |y 19th century |2 eczenas |
| 650 | 0 | 9 | |a race theories |2 eczenas |
| 650 | 0 | 9 | |a human races |2 eczenas |
| 650 | 0 | 9 | |a racism |2 eczenas |
| 655 | 7 | |a studie |7 fd133597 |2 czenas | |
| 655 | 7 | |a biografie |7 fd131909 |2 czenas | |
| 655 | 9 | |a studies |2 eczenas | |
| 655 | 9 | |a biography |2 eczenas | |
| 856 | 4 | 1 | |u https://www.digitalniknihovna.cz/mzk/uuid/uuid:8d18f650-01d6-11e4-9789-005056827e52 |y Digitalizovaný dokument |x NDK |
| 910 | 2 | |a BOA001 |b 2-1229.485 | |
| 990 | |a BK | ||
| 995 | |a 01 | ||
| 991 | |b 200910 |c NOV |j 101 BUD | ||
| 996 | 6 | |b 2610391654 |c 2-1229.485 |l MZK |r Sklad / do 1 hodiny |n 3 |p p.v. |w 000966628 |u 000010 |a 1 |e BOA001 |j MZK50 |s P | |
| 996 | 7 | |b 2610393360 |c 2-1229.485 |l MZK |r Sklad / do 1 hodiny |n 29 |p kup |w 000966628 |u 000020 |a 1 |e BOA001 |j MZK50 |s A | |
English
Čeština 